01151 a2200241 4500010001400000020001100014035001300025037001500038082000800053090001500061111016100076245022200237260007800459270010400537300002200641700001900663700002100682700002200703700001400725942002300739999001500762952013200777 aENG-88520 c450.00 aEN-72053 bDBAD / PUB14a020 c8770d8770 1aIATLIS National Seminar on Manpower Development for Information Management in Competitive EnvironmentcBhubhaneshwar, Orissa(India)d1-3 December, 2002nXIX 1aManpower development for information management in competitive environment:cedited by N. Laxman Rao ... [et al]bseminar papers XIX IATLIS National seminar, Utkal University, Bhubaneshwar (Orissa) 1-3 December, 2002/ aHyderabadbIndian Asso. of Teachers of Lib. & Inf. Science (IATLIS)c2003 aC/o Deptt. of Library & Information Science, Osmania UniversitybHyderabade500 007cAndhra Pradesh a353p.c21cm (Hb) aLaxman Rao, N. aVishwa Mohan, V. aSudarshan Rao, S. aPadhi, P. adplcENk020 / NAT c8612d8612 00102ddc40718NFICaDBADbDBADeDBAD/PUBg450.00l0o020 IATpEN-72053r2008-09-15 00:00:00t1u9552v450.00w2008-09-15yEN